[Event "Floripa Chess Open 2024"]
[Site "Florianopolis"]
[Date "2024.01.24"]
[Round "6.142"]
[White "Conor, Gilberto Bordignon"]
[Black "Bieging, Luca Jurgen"]
[Result "0-1"]
[WhiteElo "1704"]
[BlackElo "1436"]
[PlyCount "94"]
[EventDate "2024.01.20"]
[EventRounds "10"]
[EventCountry "BRA"]

1. e4 d5 2. d4 dxe4 3. Nc3 Nf6 4. f3 exf3 5. Nxf3 Bg4 6. Bc4 e6 7. Bg5 ({RR} 7.
Qe2 Be7 8. Be3 c6 9. O-O-O Qa5 10. h3 Bxf3 11. Qxf3 Nbd7 12. g4 Nb6 13. Bb3
Nbd5 14. Nxd5 cxd5 15. Bd2 Qa6 16. Rhf1 O-O 17. Bg5 Qd6 18. Bf4 Qd7 19. c3 b5
20. Bc2 b4 21. cxb4 Bxb4 {Ferreira,R (1851)-Januario,S (2207) Florianopolis/SC
2018 1-0 (50)}) 7... Be7 ({RR} 7... Nbd7 8. Qd2 Be7 9. O-O-O c6 10. Rde1 Bxf3
11. gxf3 Qa5 12. Kb1 Bb4 13. Bxf6 Bxc3 14. bxc3 Nxf6 15. Rhg1 g6 16. Qf4 Nd5
17. Bxd5 cxd5 18. Qf6 O-O 19. h4 Qd8 20. Qe5 Rc8 21. h5 Rc6 22. Rg3 {Bakhrakh,
V (2325)-Kiik,K (2385) Helsinki 1996 0-1}) 8. Qd3 $146 ({RR} 8. Qd2 Bxf3 9.
gxf3 Nc6 10. O-O-O Qd7 11. d5 exd5 12. Bxf6 Bxf6 13. Rhe1+ Ne7 14. Bxd5 O-O-O
15. Bxb7+ Kxb7 16. Qxd7 Rxd7 17. Rxd7 Nc6 18. Nd5 Be5 19. f4 Bd6 20. Rxf7 g6
21. c4 Nb4 22. Nxb4 Bxb4 {Ruppert,W-Goetz,B Zeilsheim 2000 1-0}) ({RR} 8. Bxf6
Bxf6 9. O-O Bxf3 10. Qxf3 Qxd4+ 11. Kh1 Qxc4 12. Qxb7 Qc6 13. Qc8+ Bd8 14. Nb5
Na6 15. Nd6+ Qxd6 16. Qxa8 Qb6 17. Rf3 O-O 18. Rb3 Qd4 19. c3 Qf2 20. Rb7 Bg5
21. Qxa7 Qe2 22. Qg1 Qe4 {Kurucsai,I (2240)-Kalesis,N (2310) Balatonfuzfo 1993
0-1 (36)}) 8... c5 9. Bb5+ Nbd7 10. Ne5 Bf5 11. Qg3 O-O 12. O-O-O Nh5 13. Bxe7
Qxe7 14. Qf3 Nxe5 15. dxe5 Qg5+ 16. Rd2 Rfd8 17. Qf2 Rd4 18. h3 Rad8 19. Rhd1
Ng3 20. h4 Qxh4 21. Bd3 Bxd3 22. cxd3 Nf5 23. Qf3 Qf4 24. Nb5 Qxf3 25. gxf3
R4d7 26. Nxa7 Ra8 27. Nb5 Rxa2 28. Na3 Ra1+ 29. Nb1 Nd4 30. Rf2 Ra8 31. Na3 b5
32. Kd2 Rc8 33. Ke3 c4 34. Rfd2 Nf5+ 35. Ke2 cxd3+ 36. Rxd3 Rxd3 37. Rxd3 b4
38. Nc4 Kf8 39. b3 Ke7 40. f4 h5 41. Kf3 Rd8 42. Nb2 Rxd3+ 43. Nxd3 Nd4+ 44.
Kg3 Nxb3 45. Nxb4 Nd4 46. Kh4 g6 47. Nd3 f6 0-1

[Event "Floripa Chess Open 2024"]
[Site "Florianopolis"]
[Date "2024.01.24"]
[Round "6.143"]
[White "Braga, Kaio Santos"]
[Black "Lopes, Leonardo Borges"]
[Result "0-1"]
[WhiteElo "1442"]
[BlackElo "1694"]
[PlyCount "56"]
[EventDate "2024.01.20"]
[EventRounds "10"]
[EventCountry "BRA"]

1. e4 c5 2. Nf3 d6 3. d4 cxd4 4. Nxd4 Nf6 5. Nc3 a6 6. Rg1 e5 7. Nb3 Be6 8. g4
h6 9. h4 Be7 10. Be3 d5 11. exd5 Nxd5 12. Nxd5 Bxd5 13. g5 hxg5 14. hxg5 Nc6
15. Qd3 $146 ({RR} 15. g6 f5 16. c3 f4 17. Bc5 Bxb3 18. Qxb3 Rf8 19. Qxb7 Na5
20. Qb4 Nc6 21. Qa4 Qd7 22. Rd1 Qb7 23. Bxe7 Kxe7 24. Qa3+ Ke8 25. Bc4 Ne7 26.
Bf7+ Rxf7 27. gxf7+ Kxf7 28. Qb3+ Qxb3 29. axb3 a5 {Kovalev,V (2623)
-Castellanos Villela,A (2188) chess.com INT 2023 1-0 (63)}) 15... Rc8 16. Be2
Bxb3 17. Qxd8+ Bxd8 18. cxb3 Nd4 19. Bxd4 exd4 20. Bd3 Rc5 21. g6 Rh2 22. gxf7+
Kxf7 23. Ke2 Bh4 24. Rgf1 Re5+ 25. Kf3 Bxf2 26. Bc4+ Kf6 27. Rxf2 Re3+ 28. Kg4+
Rxf2 0-1

[Event "Floripa Chess Open 2024"]
[Site "Florianopolis"]
[Date "2024.01.24"]
[Round "6.144"]
[White "De Menezes, Ricardo Fagner Dias"]
[Black "Spieker, Otavio Schmidt"]
[Result "1-0"]
[WhiteElo "1675"]
[BlackElo "1432"]
[PlyCount "123"]
[EventDate "2024.01.20"]
[EventRounds "10"]
[EventCountry "BRA"]

1. d4 d5 2. c4 e6 3. Nf3 Nf6 4. g3 c6 5. Bg5 ({RR} 5. Qd3 Na6 6. a3 c5 7. cxd5
Nxd5 8. Bg2 Be7 9. O-O O-O 10. Nc3 Nf6 11. Rd1 Qa5 12. Bf4 cxd4 13. Qb5 Qxb5
14. Nxb5 d3 15. Rxd3 Nc5 16. Rdd1 a6 17. Bd6 Bxd6 18. Nxd6 Nb3 19. Rab1 Nd5 {
Petkov,V (2448)-Tejedor Fuente,E (2386) Carballo ESP 2023 1-0 (42)}) 5... Be7
$146 ({RR} 5... h6 6. Bxf6 Qxf6 7. Qc2 Nd7 8. e4 dxe4 9. Qxe4 g6 10. Bd3 Bg7
11. O-O O-O 12. Re1 c5 13. d5 Nb6 14. d6 Qd8 15. Qf4 {1/2-1/2 (15) Alonso
Garcia,R (2395)-Buhmann,R (2567) L'Estartit 2007}) ({RR} 5... Nbd7 6. Ne5 Bb4+
7. Nc3 Qa5 8. Nxd7 Bxd7 9. Bd2 dxc4 10. a3 Bxc3 11. Bxc3 Qd5 12. f3 O-O 13. e4
Nxe4 14. Bxc4 Qxc4 15. fxe4 c5 16. Rc1 Bc6 17. Bb4 Qa6 18. Bxc5 Bxe4 19. Bxf8
Bxh1 20. Qe2 {Koval,Y-Stas,V Kiev 2005 0-1 (36)}) 6. Qc2 Nbd7 7. Bg2 h6 8. Bxf6
Nxf6 9. Nbd2 O-O 10. O-O Re8 11. Rfd1 Bd7 12. Ne5 Nh7 13. e4 Rc8 14. Qb3 dxc4
15. Ndxc4 Rb8 16. Rac1 b5 17. Ne3 Nf8 18. Nxc6 Bxc6 19. Rxc6 Rb6 20. d5 Rxc6
21. dxc6 Qb6 22. Qc2 Rc8 23. e5 Rc7 24. Be4 Qc5 25. Qxc5 Bxc5 26. Nc2 Be7 27.
f4 g6 28. Kg2 Kg7 29. Nd4 a6 30. b3 Bc5 31. Bf3 Be7 32. a4 bxa4 33. bxa4 Bc5
34. Rd3 f6 35. Nc2 f5 36. Ne3 Bxe3 37. Rxe3 Kf7 38. Rb3 a5 39. Rb8 Ra7 40. Rb6
Ke7 41. Rb8 Kf7 42. Kf2 Ke7 43. Ke3 Kf7 44. Kd4 Ke7 45. Kc5 Kf7 46. Be2 Rc7 47.
Kb6 Re7 48. Bb5 g5 49. c7 Rxc7 50. Kxc7 gxf4 51. gxf4 Ng6 52. Be8+ Kg7 53. Bxg6
Kxg6 54. Rg8+ Kh5 55. Kd6 Kh4 56. Kxe6 h5 57. Kxf5 Kh3 58. e6 h4 59. e7 Kxh2
60. e8=Q h3 61. Qg6 Kh1 62. Qg1# 1-0

[Event "Floripa Chess Open 2024"]
[Site "Florianopolis"]
[Date "2024.01.24"]
[Round "6.145"]
[White "De Oliveira, Luiz Carlos"]
[Black "Do Prado, Hamilton Mesquita"]
[Result "0-1"]
[WhiteElo "1422"]
[BlackElo "1673"]
[PlyCount "60"]
[EventDate "2024.01.20"]
[EventRounds "10"]
[EventCountry "BRA"]

1. e4 c5 2. c3 e6 3. d4 cxd4 4. cxd4 d6 5. h3 $146 ({RR} 5. Nc3 Nd7 6. Be3 Ngf6
7. Nf3 Be7 8. h3 O-O 9. Bd3 a6 10. Qc2 h6 11. O-O b5 12. Qd2 Ne8 13. Ne2 f5 14.
Nf4 Nb6 15. Ng6 Rf6 16. Nxe7+ Qxe7 17. Rfe1 fxe4 18. Bxe4 Nc4 19. Qc2 Nxe3 {
Macekova,M-Hajsman,L Bratislava 1991 1-0 (38)}) ({RR} 5. Nc3 a6 6. a4 b6 7. f4
g6 8. Be3 Bg7 9. Qb3 Nc6 10. Nf3 Na5 11. Qa2 Ne7 12. Bd3 O-O 13. O-O Bb7 14.
Rac1 d5 15. e5 Qd7 16. b4 Nac6 17. Qb2 Nf5 18. Nd1 Rfb8 19. g4 Nxe3 {Wolff,A  
(2260)-Mikavica,M (2260) Geneve 1996 1/2-1/2 (56)}) ({RR} 5. Nc3 a6 6. a4 b6 7.
Nf3 Bb7 8. Bd3 Nd7 9. O-O Ngf6 10. Re1 Be7 11. h3 O-O 12. Bf4 Re8 13. Rc1 Rc8
14. Qe2 Nb8 15. Nh2 Bf8 16. Bg5 e5 17. d5 Be7 18. Be3 Nfd7 19. g3 Nc5 {Rosta,S
(2132)-Balazs,A (1961) Hungary 2013 0-1 (42)}) ({RR} 5. Nc3 g6 6. Nf3 Bg7 7.
Be2 Ne7 8. O-O d5 9. Bg5 f6 10. Bf4 dxe4 11. Nxe4 O-O 12. Bc4 Nd5 13. Bg3 f5
14. Nc3 Nb6 15. Bb3 Kh8 16. Qd2 Nc6 17. Nb5 Nd5 18. Bxd5 exd5 19. Bd6 Rf7 {
Florean,A-Vasquez Ramirez,C Warsaw 1991 1-0}) 5... Nf6 6. Nc3 a6 7. Nf3 Be7 8.
Be2 b5 9. b4 Bb7 10. d5 exd5 11. exd5 Nbd7 12. Bg5 O-O 13. O-O Nb6 14. Qd2
Nfxd5 15. Bxe7 Qxe7 16. Nxd5 Nxd5 17. Rfe1 Qf6 18. Ng5 Rfe8 19. Bd3 g6 20. Rad1
Nf4 21. Ne4 Bxe4 22. Bxe4 Rad8 23. Bc6 Rxe1+ 24. Rxe1 Qg5 25. Kh2 d5 26. g4
Nxh3 27. Re3 Nf4 28. Kg3 d4 29. Re8+ Rxe8 30. Bxe8 Nh5+ 0-1

[Event "Floripa Chess Open 2024"]
[Site "Florianopolis"]
[Date "2024.01.24"]
[Round "6.146"]
[White "Hessmann, Eduardo Franzoni"]
[Black "Gurski, Guilherme Rybu"]
[Result "1-0"]
[WhiteElo "1665"]
[BlackElo "1354"]
[PlyCount "39"]
[EventDate "2024.01.20"]
[EventRounds "10"]
[EventCountry "BRA"]

1. e4 c5 2. Nf3 d6 3. d4 cxd4 4. Nxd4 Nf6 5. Nc3 g6 6. Be3 Bg7 7. f3 O-O 8. Bc4
Nc6 9. Qd2 Bd7 10. O-O-O Na5 11. Bb3 Nxb3+ ({RR} 11... Rb8 12. h4 b5 13. Kb1
Nc4 14. Bxc4 bxc4 15. Ka1 Rb7 16. g4 Qc7 17. h5 Rfb8 18. Rb1 Qa5 19. hxg6 fxg6
20. Nde2 Be6 21. Bd4 Bf7 22. a3 e5 23. Be3 d5 24. Nxd5 Qxd2 25. Nxf6+ Bxf6 26.
Bxd2 {Kleijn,C (2429)-Reinderman,D (2617) playchess.com INT 2011 1-0 (45)}) ({
RR} 11... Rb8 12. g4 b5 13. Bh6 Nc4 14. Qg5 Bxh6 15. Qxh6 Qa5 16. h4 b4 17. Nd5
Nxd5 18. h5 Nf6 19. hxg6 Ne5 20. g5 Nxf3 21. Nxf3 Bf5 22. gxf6 Bxg6 23. Qg7# {
1-0 (23) Javakhadze,Z (2440)-Kejna,P (2269) chess.com INT 2024}) 12. cxb3 a5
13. g4 $146 ({RR} 13. a3 b5 14. Ndxb5 Rb8 15. a4 Be6 16. Nd5 Nxd5 17. exd5 Bf5
18. Bd4 Qc8+ 19. Bc3 Qc5 20. g4 Bd7 21. Nd4 Rfc8 22. Kb1 Qxd5 23. Qe3 Rxb3 24.
Nxb3 Qxb3 25. Rd3 Be6 26. Re1 Qxa4 27. Qb6 Bb3 {Lacasa Diaz,J (2424)-Arias
Torio,S (2184) Dos Hermanas 2003 1/2-1/2 (72)}) ({RR} 13. a4 Qc7 14. Kb1 Rfb8
15. Rc1 Qd8 16. h4 h5 17. Bg5 Qb6 18. Ndb5 Bc6 19. Bxf6 Bxf6 20. Nd5 Bxd5 21.
Qxd5 Rc8 22. g4 Qf2 23. Nc3 Qxf3 24. g5 Bxc3 25. bxc3 Rxc3 26. Rxc3 Qxc3 27.
Qxb7 Rc8 {Samarin,M (1692)-Baisakow,A (1783) Verden 2004 0-1 (50)}) 13... Qc7
14. Kb1 Rfb8 15. h4 b5 16. h5 b4 17. Na4 Bxa4 18. bxa4 Rc8 19. hxg6 fxg6 20.
Ne6 1-0

[Event "Floripa Chess Open 2024"]
[Site "Florianopolis"]
[Date "2024.01.24"]
[Round "6.147"]
[White "Jurado, Laura Alves"]
[Black "Dos Santos, Leonardo Lopes"]
[Result "0-1"]
[WhiteElo "1419"]
[BlackElo "1664"]
[PlyCount "46"]
[EventDate "2024.01.20"]
[EventRounds "10"]
[EventCountry "BRA"]

1. d4 d5 2. Bf4 Nf6 3. Nf3 Bf5 4. e3 e6 5. c4 Bxb1 6. Qa4+ Qd7 7. Qxd7+ Nbxd7
8. Rxb1 Bb4+ 9. Nd2 ({RR} 9. Kd1 Ne4 10. Bg3 Bd6 11. Nd2 Bxg3 12. Nxe4 Bh4 13.
Ng3 Bxg3 14. hxg3 h6 15. b4 O-O 16. c5 e5 17. Bd3 Rfe8 18. Kd2 Re7 19. a4 Rae8
20. a5 Nf6 21. f3 e4 22. fxe4 Nxe4+ 23. Bxe4 Rxe4 {Kassimov,B (2294)-Salimova,
N (2387) chess.com INT 2023 0-1 (51)}) 9... Ne4 10. Rd1 Nxd2 $146 ({RR} 10...
Ndf6 11. a3 Bxd2+ 12. Rxd2 Nxd2 13. Kxd2 c6 14. Bd3 O-O 15. f3 Rad8 16. c5 Nd7
17. Bd6 Rfe8 18. f4 Nf6 19. Ke2 Rd7 20. Kf3 Rc8 21. f5 Ne8 22. Bf4 Nc7 23. g4
Re8 24. h4 f6 25. fxe6 {Kaminsky,L (1772)-Bombek,P (2180) Stara Lubovna 2017
0-1 (37)}) 11. Rxd2 Bxd2+ 12. Kxd2 Rc8 13. cxd5 exd5 14. Bd3 g6 15. Rc1 c6 16.
Bd6 Nb6 17. b4 f6 18. b5 Kf7 19. e4 cxb5 20. Re1 Rhd8 21. Ba3 Nc4+ 22. Bxc4
Rxc4 23. exd5 Rxd4+ 0-1

[Event "Floripa Chess Open 2024"]
[Site "Florianopolis"]
[Date "2024.01.24"]
[Round "6.148"]
[White "Setti, Dalmarino"]
[Black "Martins, Joao Fernandes"]
[Result "1/2-1/2"]
[WhiteElo "1664"]
[BlackElo "1426"]
[PlyCount "46"]
[EventDate "2024.01.20"]
[EventRounds "10"]
[EventCountry "BRA"]

1. e4 c6 2. d4 d5 3. exd5 cxd5 4. c4 Nf6 5. Nc3 e6 6. Nf3 Be7 7. cxd5 Nxd5 8.
Bd3 Nc6 9. O-O O-O 10. Re1 b6 11. Nxd5 exd5 12. Bf4 $146 ({RR} 12. h3 Qd6 13.
a3 Bf6 14. Bd2 Bd7 15. Bg5 Nxd4 {1/2-1/2 (15) Suba,M-Buza,A Bucharest 1974}) ({
RR} 12. Bxh7+ Kxh7 13. Qc2+ Kg8 14. Qxc6 Be6 15. Rxe6 fxe6 16. Qxe6+ Kh7 17.
Ne5 Bf6 18. Bf4 Bxe5 19. Bxe5 Qh4 20. f3 Rad8 21. h3 Qh6 22. Qe7 Qg6 23. Kh2
Qf7 24. Qh4+ Kg8 25. Qg4 Qd7 26. Qg6 Rde8 {Vasquez Schroeder,R (2506)
-Tologontegin,S (2378) chess.com INT 2022 0-1 (32)}) ({RR} 12. Bxh7+ Kxh7 13.
Qc2+ Kg8 14. Qxc6 Be6 15. Bf4 Rc8 16. Qa4 a5 17. Rac1 Rc4 18. Qb3 a4 19. Qe3
Bb4 20. Red1 Re8 21. Ne5 Bg4 22. f3 Bf5 23. Qf2 Rxc1 24. Rxc1 Qa8 25. g4 Be6
26. Nd3 Be7 {Moral Garcia,S (2274)-Zubizarreta Riego,M (1909) La Zubia ESP
2023 0-1 (46)}) ({RR} 12. Qc2 Nb4 13. Bxh7+ Kh8 14. Qb1 g6 15. Bxg6 fxg6 16.
Qxg6 Bf5 17. Qh5+ Bh7 18. Ne5 Qe8 19. Qh3 Bf6 20. Bh6 Bxe5 21. Rxe5 Qg6 22. Rg5
{1-0 (22) Perez Gormaz,M (2389)-Araujo Filho,L (2089) chess.com INT 2022})
12... Bg4 13. Bb1 Rc8 14. Qd3 g6 15. Ne5 Bf5 16. Nxc6 Rxc6 17. Qa6 Bxb1 18.
Raxb1 Qd7 19. Rbc1 Rxc1 20. Rxc1 Bd6 21. Be3 Re8 22. g3 Kg7 23. a3 h5 1/2-1/2

[Event "Floripa Chess Open 2024"]
[Site "Florianopolis"]
[Date "2024.01.24"]
[Round "6.149"]
[White "Nascimento, Bianca Alencar De S"]
[Black "Paula Pinto, Mateus Arsenio"]
[Result "0-1"]
[WhiteElo "1389"]
[BlackElo "1640"]
[PlyCount "70"]
[EventDate "2024.01.20"]
[EventRounds "10"]
[EventCountry "BRA"]

1. e4 e5 2. Nf3 Nc6 3. Bc4 Bc5 4. O-O Nf6 5. d3 O-O 6. c3 h6 7. Re1 a6 8. Bb3
d6 9. Nbd2 Ba7 10. Nf1 Re8 11. Ng3 Be6 12. Bc2 ({RR} 12. Bxe6 Rxe6 13. d4 d5
14. Nxe5 Nxe5 15. dxe5 Nxe4 16. Nxe4 dxe4 17. Qh5 g6 18. Qxh6 Rxe5 19. Be3 Bxe3
20. Qxe3 Qf6 21. Rad1 Rd8 22. Rd4 Rxd4 23. Qxd4 Qe7 24. g3 Re6 25. h4 a5 26.
Kg2 b6 {Kramnik,V (2808)-So,W (2812) Leuven 2017 1/2-1/2 (36)}) 12... d5 13.
Bd2 $146 ({RR} 13. exd5 Qxd5 14. Be3 Bxe3 15. Rxe3 Rad8 16. Qe1 Bc8 17. Nd2 Qd7
18. Nc4 Ng4 19. Rf3 Qe7 20. Rd1 Nf6 21. h3 g6 22. d4 b5 23. Nxe5 Nxe5 24. dxe5
Qxe5 25. Re3 Qc5 26. Rd4 Kg7 27. b4 Qc6 {Kurnosov,I (2657)-Mekhitarian,K (2512)
Cappelle-la-Grande 2012 1/2-1/2 (80)}) ({RR} 13. exd5 Bxd5 14. Nh4 Bc5 15. b4
Bf8 16. Nhf5 Qd7 17. a4 b5 18. Be3 Rad8 19. h3 Ne7 20. Nh4 g6 21. Ne4 Bg7 22.
Qc1 Qc6 23. Nc5 g5 24. axb5 Qxb5 25. c4 Qxb4 26. Rb1 Qa5 27. Nb3 Qb4 {Haring,F
(2432)-Baenziger,F (2414) Marianske Lazne CZE 2024 1-0}) ({RR} 13. exd5 Bxd5
14. h3 Bc5 15. Nh4 b5 16. Nhf5 Bf8 17. Ne3 Be6 18. Qf3 Ne7 19. Nef5 Ng6 20. Be3
Nd5 21. Rad1 c5 22. Bc1 Rc8 23. Bb1 Qc7 24. h4 Ngf4 25. h5 g6 26. hxg6 fxg6 27.
Ne3 Bg7 {Kololli,M (2239)-Silber,K (1986) Hannover 2017 1-0 (58)}) 13... dxe4
14. Nxe4 Nxe4 15. dxe4 Qf6 16. Be3 Rad8 17. Qe2 Bg4 18. Rad1 Bxe3 19. Qxe3 Bxf3
20. gxf3 Ne7 21. Kh1 Ng6 22. Rg1 Rxd1 23. Bxd1 Rd8 24. Bb3 Nf4 25. Rg3 Qd6 26.
Qe1 g6 27. Qf1 Kg7 28. Qc4 Rd7 29. Rg1 Qd2 30. Qc5 Kf6 31. Qf8 Qxf2 32. Qh8+
Ke7 33. Qxe5+ Ne6 34. Bxe6 Qxf3+ 35. Rg2 Rd1# 0-1

[Event "Floripa Chess Open 2024"]
[Site "Florianopolis"]
[Date "2024.01.24"]
[Round "6.150"]
[White "Koinski, Carlos Cesar"]
[Black "Vaz, Osvaldo Jose"]
[Result "1/2-1/2"]
[WhiteElo "1371"]
[BlackElo "1627"]
[PlyCount "75"]
[EventDate "2024.01.20"]
[EventRounds "10"]
[EventCountry "BRA"]

1. Nf3 Nf6 2. g3 g6 3. Bg2 Bg7 4. d3 O-O 5. O-O d5 6. c3 c6 7. Nbd2 Qc7 8. Qc2
e5 9. Re1 Re8 10. e4 Nbd7 ({RR} 10... a5 11. a3 a4 12. Nf1 Nbd7 13. Bg5 h6 14.
Bxf6 Nxf6 15. Rad1 dxe4 16. dxe4 Be6 17. N3d2 Bf8 18. Ne3 Bc5 19. h3 Red8 20.
Kh2 Rd7 21. Ndc4 Rad8 22. Rxd7 Rxd7 23. Qxa4 b5 24. Qa8+ Rd8 25. Qa5 {Iniyan,P
(2514)-Gjestemoen-VonHirsch,A (2314) chess.com INT 2023 0-1 (44)}) 11. Kh1 $146
({RR} 11. a3 Nf8 12. b4 N6d7 13. Bb2 a5 14. Nf1 dxe4 15. dxe4 c5 16. Ne3 Nb6
17. b5 Be6 18. Bf1 f6 19. Rad1 Red8 20. c4 Bh6 21. Nd5 Bxd5 22. exd5 Nc8 23.
Nd2 Nd6 24. Ne4 Bg7 25. Bh3 b6 {Rosner,G (2095)-Seisenberger,G (1952) Bayern
2003 1/2-1/2 (32)}) ({RR} 11. Nf1 dxe4 12. dxe4 b6 13. h3 Ba6 14. Be3 Rad8 15.
Rad1 Nf8 16. N3h2 Ne6 17. Rxd8 Rxd8 18. Rd1 c5 19. Rxd8+ Qxd8 20. Qa4 Bd3 21.
Nd2 {1/2-1/2 (21) Otto,M (1670)-Glawe,H (1994) Mecklenburg VP 2002}) 11... b6
12. Kg1 Bb7 13. d4 Rad8 14. dxe5 Nxe5 15. Nxe5 Rxe5 16. Nb3 Ree8 17. Bf4 Qc8
18. exd5 Nxd5 19. Be3 Nxe3 20. Rxe3 Rxe3 21. fxe3 Bh6 22. Qf2 Ba6 23. Re1 c5
24. Nd2 Qe6 25. b3 Bd3 26. c4 Kg7 27. Kh1 Bf5 28. Bd5 Qd7 29. e4 Be6 30. Nf3 f6
31. Nh4 Bg5 32. Nf3 Bh6 33. Nh4 Bg5 34. Ng2 Bh6 35. Nf4 Bxf4 36. Qxf4 Qd6 37.
Qf2 Qe5 38. Qd2 1/2-1/2

[Event "Floripa Chess Open 2024"]
[Site "Florianopolis"]
[Date "2024.01.24"]
[Round "6.151"]
[White "Kerr, Carter"]
[Black "Oliveira, Andre Pereira Marti"]
[Result "0-1"]
[WhiteElo "1624"]
[BlackElo "1333"]
[PlyCount "32"]
[EventDate "2024.01.20"]
[EventRounds "10"]
[EventCountry "BRA"]

1. e4 e6 2. Nf3 d5 3. exd5 exd5 4. Be2 Bd6 5. O-O Nf6 6. d4 O-O 7. Bg5 Bf5 ({RR
} 7... c6 8. Nbd2 h6 9. Bh4 Bf5 10. c4 Nbd7 11. c5 Bc7 {1/2-1/2 (11) Vajda,L  
(2576)-Ionescu,C (2473) Bucharest 2003}) ({RR} 7... h6 8. Bh4 g5 9. Bg3 Ne4 10.
Bxd6 Qxd6 11. c3 Nc6 12. Ne1 Bd7 13. Na3 Nxc3 14. bxc3 Qxa3 15. Qd2 Rae8 16. h4
f6 17. Bh5 Re7 18. f4 gxh4 19. f5 Rg7 20. Bg6 Ne7 21. Qxh6 Qxc3 22. Rd1 {
Luna Cortes,L (2196)-Valenzuela Gomez,F (2361) Platja d'Aro ESP 2022 0-1}) 8.
Nc3 c6 9. Re1 Re8 10. Bd3 $146 ({RR} 10. Nh4 Be6 11. Nf3 h6 12. Bh4 Bf5 13. Bd3
Rxe1+ 14. Nxe1 Bxd3 15. Nxd3 Nbd7 16. Qf3 Qc7 17. h3 Re8 18. Re1 Rxe1+ 19. Nxe1
Qb6 20. Bxf6 Nxf6 21. Nd3 Qxd4 22. Qf5 Bf8 23. Ne5 Qb4 24. Nd3 Qa5 {Tuomola,
T-Ostlund,M Espoo 2006 0-1}) ({RR} 10. Qd2 Nbd7 11. Nh4 Bg6 12. Nxg6 fxg6 13.
Bg4 Bxh2+ 14. Kh1 Bd6 15. Rxe8+ Qxe8 16. Re1 Qf8 17. Bxd7 Nxd7 18. Qe3 Nf6 19.
Qe6+ Kh8 20. Bxf6 gxf6 21. Qd7 Rd8 22. Qxb7 Qh6+ 23. Kg1 Qh2+ 24. Kf1 Qh1+ {
Ulunque Villazon,S (1585)-Biehl,O (1669) Germany 2013 0-1}) 10... Bxd3 11. Qxd3
Nbd7 12. Qf5 Qc7 13. Rad1 Rxe1+ 14. Rxe1 Re8 15. Rxe8+ Nxe8 16. Ne5 Nf8 0-1

[Event "Floripa Chess Open 2024"]
[Site "Florianopolis"]
[Date "2024.01.24"]
[Round "6.152"]
[White "Cabral, Vivian De Paiva"]
[Black "Ferreira, Jose Carlos"]
[Result "1-0"]
[WhiteElo "1358"]
[BlackElo "1624"]
[PlyCount "85"]
[EventDate "2024.01.20"]
[EventRounds "10"]
[EventCountry "BRA"]

1. e4 c5 2. Nf3 e6 3. Nc3 a6 4. d4 cxd4 5. Nxd4 Qc7 6. Bd3 Bc5 7. Nf3 Nc6 ({RR
} 7... d6 8. O-O Nf6 9. a3 Nbd7 10. Ne2 b5 11. b4 Bb6 12. Bb2 Bb7 13. Ng3 O-O
14. Qe2 Rac8 15. a4 d5 16. axb5 dxe4 17. Nxe4 Bxe4 18. Bxe4 Nxe4 19. Qxe4 Qxc2
20. Qxc2 Rxc2 21. Bd4 axb5 22. Bxb6 {Najer,E (2606)-Svidler,P (2733) playchess.
com INT 2004 1/2-1/2 (35)}) 8. a3 ({RR} 8. O-O Nf6 9. h3 O-O 10. Rb1 b5 11. a3
Bb7 12. Re1 d6 13. Be3 Bxe3 14. Rxe3 Nd7 15. Re1 Nce5 16. Nxe5 Nxe5 17. Rc1 Nc4
18. Bxc4 bxc4 19. Qd2 Rfd8 20. Qf4 Qc6 21. Qg4 Qb6 22. Rb1 Re8 {Wijnhard,J  
(1291)-Berezovsky,F (1544) Chennai IND 2022 0-1 (56)}) 8... Nf6 9. O-O h6 $146
({RR} 9... O-O 10. h3 Ne5 11. Nxe5 Qxe5 12. Qf3 Nh5 13. Ne2 d5 14. Rb1 Nf6 15.
exd5 exd5 16. b4 Bd6 17. Bf4 Qe7 18. Nd4 Re8 19. Rbe1 Qc7 20. Rxe8+ Nxe8 21.
Re1 Bd7 22. Bxd6 Qxd6 23. c4 dxc4 24. Bxc4 {Piacentini,C (2102)-Bolzoni,V  
(2255) Fontaine 2010 1-0 (47)}) 10. Ne2 b5 11. b4 Be7 12. Bb2 d6 13. Re1 e5 14.
Rc1 Qb6 15. h3 Be6 16. Rf1 O-O 17. Ng3 g6 18. Qd2 Kh7 19. Rce1 Rfe8 20. Kh1 Qc7
21. Nh2 Ng8 22. f4 exf4 23. Qxf4 Bg5 24. Qf2 Ne5 25. Ne2 Nc4 26. Bxc4 Bxc4 27.
Qd4 Re5 28. Ng4 Qa7 29. Nxe5 dxe5 30. Qxe5 f6 31. Qg3 Bd2 32. Nf4 Qf7 33. Rd1
Bxf1 34. Rxf1 Re8 35. Qf3 Bxf4 36. Qxf4 Re6 37. e5 f5 38. g4 Ne7 39. g5 h5 40.
Rd1 Rc6 41. Rd6 Nc8 42. e6 Qb7 43. Rd7+ 1-0

[Event "Floripa Chess Open 2024"]
[Site "Florianopolis"]
[Date "2024.01.24"]
[Round "6.154"]
[White "Morioka, Felipe Yukio"]
[Black "Santos, Humberto Robson"]
[Result "1-0"]
[WhiteElo "1612"]
[BlackElo "1322"]
[PlyCount "81"]
[EventDate "2024.01.20"]
[EventRounds "10"]
[EventCountry "BRA"]

1. e4 d5 2. exd5 Qxd5 3. Nc3 Qa5 4. Bc4 Bf5 5. d3 Nf6 6. Bd2 Qb6 ({RR} 6... c6
7. Qe2 Nbd7 8. Nb5 {1-0 (8) Luther,T (2569)-Kelchner,H (2169) Graz 2005}) ({RR
} 6... c6 7. Nf3 Nbd7 8. Qe2 e6 9. Nd4 Qe5 10. Qxe5 Nxe5 11. Nxf5 exf5 12. Bb3
Bb4 13. a3 O-O 14. axb4 Rfe8 15. O-O a6 16. Rfe1 Ned7 17. Rxe8+ Rxe8 18. Re1
Rxe1+ 19. Bxe1 Nb6 20. f3 Nbd5 21. Bxd5 {Hasangatin,R (2444)-Nalgiev,M (1353)
Dzhubga RUS 2023 1-0}) 7. Bb3 e6 $146 ({RR} 7... c6 8. Nge2 Nbd7 9. O-O e6 10.
Ng3 Bg6 11. Be3 Qc7 12. Re1 Be7 13. Nce2 O-O 14. d4 Nd5 15. Bd2 c5 16. c3 c4
17. Bc2 Bxc2 18. Qxc2 b5 19. Kh1 N7f6 20. Ng1 Ng4 21. Rf1 Nf4 22. Qe4 {Le
Maguet,L (1362)-Duprey,F (1637) Saint Denis 2016 0-1 (47)}) 8. Qe2 Be7 9. O-O-O
Nbd7 10. h3 c6 11. g4 Bg6 12. f4 h6 13. Nf3 Qc7 14. Rhe1 a5 15. f5 Nc5 16. fxg6
a4 17. gxf7+ Kxf7 18. Bxe6+ Kf8 19. d4 Nb3+ 20. cxb3 axb3 21. Bxb3 b5 22. Ne5
b4 23. Ng6+ Ke8 24. Nxe7 Kd8 25. Na4 Re8 26. Bxb4 Nd5 27. Bc5 Nxe7 28. Bxe7+
Rxe7 29. Qxe7+ Qxe7 30. Rxe7 Kxe7 31. Re1+ Kf6 32. Nc5 Rd8 33. Re6+ Kg5 34.
Rxc6 Kh4 35. d5 Kxh3 36. d6 Kxg4 37. d7 h5 38. Rc8 Rxd7 39. Nxd7 g5 40. Be6+
Kg3 41. Nf6 1-0

[Event "Floripa Chess Open 2024"]
[Site "Florianopolis"]
[Date "2024.01.24"]
[Round "6.155"]
[White "Fossatti, Igor Anton"]
[Black "De Oliveira, Matheus Tavares"]
[Result "0-1"]
[WhiteElo "1340"]
[BlackElo "1612"]
[PlyCount "66"]
[EventDate "2024.01.20"]
[EventRounds "10"]
[EventCountry "BRA"]

1. e4 e5 2. Nf3 Nf6 3. Nc3 Bb4 4. d3 d5 5. exd5 Nxd5 6. Bd2 Nxc3 7. bxc3 Bd6 8.
g3 ({RR} 8. Be2 b6 9. O-O Bb7 10. Ng5 O-O 11. Bf3 Bxf3 12. Qxf3 Nd7 13. d4 Qf6
14. Qh3 h6 15. Ne4 Qe6 16. Qd3 f5 17. Nxd6 cxd6 18. Rfe1 e4 19. Qb5 Rac8 20. d5
Qe7 21. Bf4 Rxc3 22. Qb4 Rc5 {Golubenko,V (2209)-Kniazev,I (2036) chess.com
INT 2023 0-1 (71)}) 8... O-O 9. Bg2 Bg4 10. Be3 $146 ({RR} 10. O-O Nc6 11. Qc1
Qd7 12. Re1 f5 13. Rb1 Rab8 14. c4 f4 15. gxf4 exf4 16. Re4 Bf5 17. Re2 Bh3 18.
Qf1 Bxg2 19. Qxg2 Rf6 20. Kh1 Rg6 21. Qf1 Qg4 22. Ne1 Nd4 23. f3 Qh5 24. Rg2
Rxg2 {Brankov,K (1898)-Rakic,M (2309) Belgrade 2011 0-1 (35)}) 10... Nc6 11.
Qd2 Re8 12. O-O Qd7 13. Rab1 b6 14. c4 Rad8 15. Ng5 Nd4 16. Rfe1 h6 17. Bxd4
exd4 18. Rxe8+ Rxe8 19. Ne4 Bf8 20. f3 Bf5 21. c3 dxc3 22. Qxc3 Bxe4 23. fxe4
Bc5+ 24. Kf1 Re6 25. Ke1 Rf6 26. Rd1 Bf2+ 27. Kd2 Bd4 28. Qa3 Rf2+ 29. Ke1 Rxg2
30. Qxa7 Bc3+ 31. Kf1 Qh3 32. Qa8+ Kh7 33. e5 Rxh2+ 0-1